[Event "Dnipropetrovsk Sinitsin Memorial"]
[Site "Dnipropetrovsk"]
[Date "2007.04.??"]
[Round "4"]
[White "Volodin, Aleksandr"]
[Black "Hatchatrian, Souren"]
[Result "1-0"]
[WhiteElo "2354"]
[BlackElo "2266"]
[PlyCount "61"]
[EventDate "2007.04.??"]
[EventType "tourn"]
[EventRounds "11"]
[EventCountry "UKR"]
[EventCategory "2"]
[SourceTitle "EXT 2010"]
[Source "ChessBase"]
[SourceDate "2010.11.25"]
[SourceVersion "1"]
[SourceVersionDate "2010.11.25"]
[SourceQuality "1"]

1. d4 Nf6 2. Bg5 g6 3. Bxf6 exf6 4. g3 Bg7 5. Bg2 0-0 6. e3 d6 7. Ne2 c6 8. c4 Re8 9. 0-0 f5 10. Nbc3 Nd7 11. b4 Nf6 12. Qd3 Qe7 13. b5 Ne4 14. Rab1 h5 15. h4 Bh6 16. Nf4 Kh7 17. a4 f6 18. a5 Bg7 19. Nce2 Kh6 20. f3 g5 21. fxe4 fxe4 22. hxg5+ fxg5 23. Qc2 gxf4 24. Rxf4 Qg5 25. bxc6 bxc6 26. Bxe4 Bd7 27. Rb7 Re7 28. Rxd7 Rxd7 29. Bxc6 Rad8 30. Bxd7 Rxd7 31. Qf5 1-0

[Event "UKR-ch sf"]
[Site "Alushta"]
[Date "2006.05.21"]
[Round "9"]
[White "Marchenko, Artem"]
[Black "Hatchatrian, Souren"]
[Result "0-1"]
[WhiteElo "2147"]
[BlackElo "2266"]
[PlyCount "118"]
[EventDate "2006.05.13"]
[EventType "swiss"]
[EventRounds "9"]
[EventCountry "UKR"]
[SourceTitle "CBM 112 Extra"]
[Source "ChessBase"]
[SourceDate "2006.07.14"]
[SourceVersion "1"]
[SourceVersionDate "2006.07.14"]
[SourceQuality "1"]

1. e4 e5 2. f4 exf4 3. Nf3 d6 4. Bc4 g5 5. h4 g4 6. Ng5 Nh6 7. d4 f6 8. Ne6 Qe7 9. Nxf4 Qxe4+ 10. Kf2 g3+ 11. Kxg3 Nf5+ 12. Kh2 Qxd4 13. Qh5+ Kd8 14. Re1 Bh6 15. Ne6+ Bxe6 16. Bxe6 Bxc1 17. Bxf5 Bxb2 18. Bh3 Bxa1 19. Qf5 Qe5+ 20. Rxe5 Bxe5+ 21. g3 Ke7 22. Qe6+ Kf8 23. Qc8+ Kg7 24. Qxc7+ Kh6 25. Qxb7 Na6 26. Qxa6 Rhg8 27. Qc6 Rab8 28. Nd2 Rxg3 29. Nc4 Rc3+ 30. Nxe5 Rxc6 31. Nxc6 Rb2 32. Nxa7 Rxa2 33. Nb5 Rxc2+ 34. Bg2 Rd2 35. Kg3 Kg6 36. Bf3 Kf5 37. Nc3 Ke5 38. Ne4 Rd4 39. Nf2 f5 40. Nh3 h6 41. Nf2 d5 42. Nh3 Ra4 43. h5 Rb4 44. Nf2 Rb3 45. Nh3 d4 46. Nf4 d3 47. Ng6+ Kf6 48. Kf2 Kg5 49. Ne5 f4 50. Nf7+ Kh4 51. Nxh6 Rb2+ 52. Ke1 Kg3 53. Bd1 f3 54. Nf5+ Kf4 55. Nh4 f2+ 56. Kf1 Rb1 57. Kxf2 Rxd1 58. Ng2+ Ke4 59. h6 Rh1 0-1

[Event "UKR-ch sf"]
[Site "Alushta"]
[Date "2006.05.18"]
[Round "6"]
[White "Alexikov, Alexander"]
[Black "Hatchatrian, Souren"]
[Result "1-0"]
[WhiteElo "2404"]
[BlackElo "2266"]
[PlyCount "157"]
[EventDate "2006.05.13"]
[EventType "swiss"]
[EventRounds "9"]
[EventCountry "UKR"]
[SourceTitle "CBM 112 Extra"]
[Source "ChessBase"]
[SourceDate "2006.07.14"]
[SourceVersion "1"]
[SourceVersionDate "2006.07.14"]
[SourceQuality "1"]

1. e4 e5 2. Nf3 Nc6 3. c3 d6 4. d4 Bg4 5. Bb5 exd4 6. cxd4 a6 7. Be2 g6 8. Nc3 Bg7 9. Be3 Nf6 10. h3 Bc8 11. 0-0 0-0 12. Rc1 Re8 13. Bd3 h6 14. a3 Bd7 15. b4 Rc8 16. Qb3 b5 17. Rfe1 g5 18. g4 Nh7 19. Ne2 h5 20. e5 Qe7 21. Bxh7+ Kxh7 22. Rxc6 Bxc6 23. Qc2+ Kg8 24. Qxc6 hxg4 25. hxg4 dxe5 26. dxe5 Bxe5 27. Bxg5 Qd6 28. Ned4 Bh2+ 29. Kf1 Rxe1+ 30. Kxe1 Be5 31. Be3 Rd8 32. Qxd6 Bxd6 33. Nb3 Re8 34. Nfd2 Re5 35. Ke2 Re6 36. Kd3 Re8 37. Ne4 Be7 38. Bd4 Rd8 39. Kc3 Kh7 40. Be5 Kg6 41. Nec5 c6 42. Nxa6 Ra8 43. Nb8 Rxa3 44. Nxc6 Bh4 45. Bd4 Kg5 46. Ne5 Kf4 47. Nxf7 Kxg4 48. Ne5+ Kf5 49. Nf3 Be7 50. Bc5 Bf6+ 51. Bd4 Be7 52. Be3 Ke4 53. Nfd2+ Kd5 54. Bc5 Bf6+ 55. Kc2 Bg7 56. Nb1 Ra2+ 57. Kd3 Rb2 58. Nc3+ Ke6 59. Nd2 Bh6 60. Nf3 Bg7 61. Nxb5 Rb3+ 62. Ke4 Rb2 63. Nfd4+ Kd7 64. f4 Rb1 65. Nc3 Re1+ 66. Kd5 Rf1 67. Nce2 Rh1 68. Bd6 Rh5+ 69. Be5 Bf8 70. b5 Rh1 71. Nc3 Rc1 72. Nb3 Rc2 73. Nc5+ Kc8 74. Kc6 Rh2 75. N3e4 Rh6+ 76. Nd6+ Bxd6 77. Bxd6 Rh7 78. b6 Rc7+ 79. Kd5 1-0

[Event "UKR-ch sf"]
[Site "Alushta"]
[Date "2006.05.16"]
[Round "4"]
[White "Hatchatrian, Souren"]
[Black "Sumets, Andrey"]
[Result "0-1"]
[WhiteElo "2266"]
[BlackElo "2461"]
[PlyCount "110"]
[EventDate "2006.05.13"]
[EventType "swiss"]
[EventRounds "9"]
[EventCountry "UKR"]
[SourceTitle "CBM 112 Extra"]
[Source "ChessBase"]
[SourceDate "2006.07.14"]
[SourceVersion "1"]
[SourceVersionDate "2006.07.14"]
[SourceQuality "1"]

1. d4 d5 2. Nf3 Nf6 3. c4 c6 4. Nc3 dxc4 5. a4 e6 6. e3 c5 7. Bxc4 Nc6 8. 0-0 cxd4 9. exd4 Be7 10. Re1 0-0 11. Bg5 h6 12. Bh4 Nh5 13. Bxe7 Nxe7 14. Qd2 Nf6 15. Rac1 Bd7 16. Ne5 Bc6 17. Nxc6 bxc6 18. Ne4 Nf5 19. Nc5 Qxd4 20. Qxd4 Nxd4 21. Red1 Rad8 22. Nb7 Rb8 23. Ba6 Rxb7 24. Bxb7 Ne2+ 25. Kf1 Nxc1 26. Rxc1 Rb8 27. Bxc6 Rxb2 28. h3 g5 29. a5 Ra2 30. Rc5 Kg7 31. Bb7 Ne8 32. Bf3 Kf6 33. g4 Nd6 34. Kg2 Ra4 35. Rc6 Nb5 36. Ra6 Ra2 37. Bd5 Rc2 38. Be4 Rc3 39. Bf3 Rc7 40. Be2 Nd4 41. Bd3 Ke7 42. Be4 Kf6 43. Ba8 Ke5 44. Kf1 Nb3 45. Ke2 Nc5 46. Rc6 Rxc6 47. Bxc6 Nb3 48. Be8 f5 49. gxf5 exf5 50. a6 Nc5 51. Bb5 h5 52. Kf3 h4 53. Bc4 Ne6 54. Bd3 Nf4 55. Bf1 Kd4 0-1

[Event "Dnipropetrovsk Region-ch"]
[Site "Dnipropetrovsk"]
[Date "2005.11.17"]
[Round "4"]
[White "Voynov, Sergey"]
[Black "Hatchatrian, Souren"]
[Result "1-0"]
[WhiteElo "2226"]
[BlackElo "2236"]
[PlyCount "91"]
[EventDate "2005.11.14"]
[EventType "tourn"]
[EventRounds "13"]
[EventCountry "UKR"]
[SourceTitle "EXT 2008"]
[Source "ChessBase"]
[SourceDate "2007.11.25"]
[SourceVersion "1"]
[SourceVersionDate "2007.11.25"]
[SourceQuality "1"]

1. e4 e5 2. Nf3 Nc6 3. Bc4 Nf6 4. d3 Be7 5. c3 0-0 6. 0-0 d6 7. Nbd2 Na5 8. Bb5 a6 9. Ba4 b5 10. Bc2 c5 11. Re1 Re8 12. Nf1 Bf8 13. Bg5 h6 14. Bh4 g5 15. Bg3 Nh5 16. d4 Nxg3 17. hxg3 Nc4 18. b3 Na3 19. Ne3 Bg7 20. d5 Bd7 21. Nd2 g4 22. Bd3 h5 23. Nf5 Bxf5 24. exf5 e4 25. Nxe4 Rxe4 26. Rxe4 Bxc3 27. Rc1 Bb2 28. Qd2 Qf6 29. Rce1 Bc3 30. Re8+ Kg7 31. Qc1 Bb2 32. Qe3 Rxe8 33. Qxe8 c4 34. bxc4 bxc4 35. Be4 Qc3 36. Re3 Qc1+ 37. Kh2 Bd4 38. Qe7 Nb5 39. Qg5+ Kf8 40. f6 Bxe3 41. Qg7+ Ke8 42. Qg8+ Kd7 43. Qxf7+ Kc8 44. Bf5+ Kb8 45. Qe8+ Ka7 46. Qxe3+ 1-0

[Event "UKR-ch sf"]
[Site "Alushta"]
[Date "2005.05.23"]
[Round "8"]
[White "Hatchatrian, Souren"]
[Black "Kravchenko, Oles"]
[Result "0-1"]
[WhiteElo "2308"]
[BlackElo "2134"]
[PlyCount "72"]
[EventDate "2005.05.16"]
[EventType "swiss"]
[EventRounds "9"]
[EventCountry "UKR"]
[SourceTitle "CBM 106 Extra"]
[Source "ChessBase"]
[SourceDate "2005.07.01"]
[SourceVersion "1"]
[SourceVersionDate "2005.07.01"]
[SourceQuality "1"]

1. d4 d5 2. Nf3 e6 3. c4 Be7 4. Nc3 Nf6 5. Bg5 0-0 6. e3 h6 7. Bh4 Ne4 8. Bxe7 Qxe7 9. Nxe4 dxe4 10. Nd2 f5 11. Be2 Nd7 12. 0-0 c6 13. a3 e5 14. d5 Nf6 15. Qb3 Kh8 16. Rfd1 c5 17. Qc3 f4 18. f3 Bf5 19. exf4 exf4 20. fxe4 Bxe4 21. Re1 Qd7 22. Bd3 Bxd3 23. Qxd3 Ng4 24. Nf3 Rae8 25. Nh4 Kg8 26. Ng6 Rf6 27. h3 f3 28. gxf3 Ne3 29. Rxe3 Rxg6+ 30. Qxg6 Rxe3 31. Kf2 Qe7 32. Qc2 Re5 33. Rh1 Qh4+ 34. Kg2 Qg5+ 35. Kf1 Qf4 36. Kf2 Qe3+ 0-1

[Event "UKR-ch sf"]
[Site "Alushta"]
[Date "2005.05.19"]
[Round "4"]
[White "Hatchatrian, Souren"]
[Black "Yusupov, Maxim"]
[Result "1-0"]
[WhiteElo "2308"]
[BlackElo "2157"]
[PlyCount "105"]
[EventDate "2005.05.16"]
[EventType "swiss"]
[EventRounds "9"]
[EventCountry "UKR"]
[SourceTitle "CBM 106 Extra"]
[Source "ChessBase"]
[SourceDate "2005.07.01"]
[SourceVersion "1"]
[SourceVersionDate "2005.07.01"]
[SourceQuality "1"]

1. d4 g6 2. Nf3 Bg7 3. c4 Nf6 4. Nc3 0-0 5. e4 d6 6. Be2 e5 7. d5 Nbd7 8. Bg5 h6 9. Bh4 g5 10. Bg3 Nh5 11. h4 Nxg3 12. fxg3 g4 13. Nh2 h5 14. 0-0 Bh6 15. Rf5 Nf6 16. Qf1 Kg7 17. Bd3 Bxf5 18. Qxf5 Be3+ 19. Kh1 Qd7 20. Qf1 Nxe4 21. Bxe4 f5 22. Qe2 Bh6 23. Bc2 Rf7 24. Rf1 Raf8 25. Rf2 Qe7 26. Nxg4 fxg4 27. Qe4 Rh8 28. Rxf7+ Qxf7 29. c5 a6 30. Bd3 Bd2 31. Nd1 Qf6 32. b4 Kf7 33. a4 Ke7 34. c6 bxc6 35. dxc6 Rd8 36. Bc4 Kf8 37. Qd5 Bh6 38. Qg8+ Ke7 39. Qh7+ Ke8 40. Qg8+ Ke7 41. Qh7+ Qg7 42. Qe4 Bd2 43. Qd5 Qf6 44. Qxd2 d5 45. Bxd5 Qxc6 46. Ne3 Qf6 47. Qc2 Rd7 48. Qh7+ Kd8 49. Qg8+ Ke7 50. Bc6 Qxc6 51. Nf5+ Kf6 52. Qg5+ Kf7 53. Qg7+ 1-0

[Event "UKR-ch sf"]
[Site "Alushta"]
[Date "2005.05.17"]
[Round "2"]
[White "Hatchatrian, Souren"]
[Black "Kononenko, Dmitry"]
[Result "1/2-1/2"]
[WhiteElo "2308"]
[BlackElo "2437"]
[PlyCount "42"]
[EventDate "2005.05.16"]
[EventType "swiss"]
[EventRounds "9"]
[EventCountry "UKR"]
[SourceTitle "CBM 106 Extra"]
[Source "ChessBase"]
[SourceDate "2005.07.01"]
[SourceVersion "1"]
[SourceVersionDate "2005.07.01"]
[SourceQuality "1"]

1. d4 Nf6 2. Nf3 c5 3. d5 e6 4. c4 exd5 5. cxd5 d6 6. Nc3 g6 7. e4 a6 8. a4 Bg4 9. h3 Bxf3 10. Qxf3 Bg7 11. Bf4 0-0 12. Bc4 Nh5 13. Bh2 f5 14. exf5 Rxf5 15. Qe4 Be5 16. g4 Rf8 17. Bxe5 Re8 18. 0-0 Rxe5 19. Qf3 Nf6 20. Rae1 Nbd7 21. Qg3 Nh5 1/2-1/2

[Event "UKR-ch sf U18"]
[Site "Ukraine"]
[Date "2000.01.01"]
[Round "6"]
[White "Hatchatrian, Souren"]
[Black "Kobylkin, Evgeni"]
[Result "0-1"]
[WhiteElo "2308"]
[BlackElo "2380"]
[PlyCount "78"]
[EventDate "2000.01.??"]
[EventType "swiss"]
[EventRounds "9"]
[EventCountry "UKR"]
[SourceTitle "EXT 2016"]
[Source "ChessBase"]
[SourceDate "2015.10.08"]
[SourceVersion "1"]
[SourceVersionDate "2015.10.08"]
[SourceQuality "1"]

1. d4 Nf6 2. Nf3 g6 3. c4 Bg7 4. Nc3 0-0 5. e4 d6 6. Be2 e5 7. d5 a5 8. Bg5 c6 9. 0-0 h6 10. Bh4 Na6 11. a3 c5 12. Rb1 Bd7 13. b3 Qb8 14. Ne1 Nh7 15. f3 h5 16. Nd3 Bh6 17. Bf2 Qd8 18. b4 axb4 19. axb4 b6 20. Nb5 Qe7 21. bxc5 bxc5 22. Ra1 f5 23. Qe1 Nf6 24. exf5 Bxf5 25. Bh4 Be3+ 26. Bf2 Bxf2+ 27. Qxf2 Nc7 28. Nc3 Qg7 29. Qe3 Rae8 30. Ne4 Bxe4 31. fxe4 Ra8 32. Rxa8 Rxa8 33. h3 Ra4 34. Qf3 Nce8 35. Nf2 Qh6 36. g4 Qd2 37. Nd1 h4 38. Kh1 Ra2 39. Rf2 Qc1 0-1

[Event "UKR-ch"]
[Site "Sevastopol"]
[Date "2000.??.??"]
[Round "5"]
[White "Hatchatrian, Souren"]
[Black "Golovanj, Andrej"]
[Result "1/2-1/2"]
[WhiteElo "2308"]
[BlackElo "2215"]
[PlyCount "91"]
[EventDate "2000.??.??"]
[EventType "swiss"]
[EventRounds "9"]
[EventCountry "UKR"]
[SourceTitle "EXT 2001"]
[Source "ChessBase"]
[SourceDate "2000.11.22"]
[SourceVersion "1"]
[SourceVersionDate "2000.11.22"]
[SourceQuality "1"]

1. d4 Nf6 2. Nf3 e6 3. c4 b6 4. a3 Bb7 5. Nc3 d5 6. cxd5 exd5 7. Bg5 Be7 8. e3 0-0 9. Bd3 Nbd7 10. 0-0 h6 11. Bh4 Ne4 12. Bxe7 Qxe7 13. Qc2 Nxc3 14. bxc3 c5 15. Rfe1 Rac8 16. Qb2 Nb8 17. Ne5 Nc6 18. Nxc6 Rxc6 19. g3 Rfc8 20. Rac1 cxd4 21. cxd4 Qd7 22. Kg2 Rxc1 23. Rxc1 Rxc1 24. Qxc1 Bc6 25. Qb2 g6 26. f3 Qe7 27. Kf2 Ba4 28. e4 dxe4 29. fxe4 Bc6 30. d5 Qc5+ 31. Ke2 Bd7 32. Kd2 Bg4 33. Qc1 Qxc1+ 34. Kxc1 f6 35. Kc2 Kf7 36. Kc3 Ke7 37. Kb4 Bd7 38. Bb5 Bc8 39. Bd3 Kd6 40. Kb5 Kc7 41. Be2 a6+ 42. Kc4 Kd6 43. Kd4 g5 44. Bd3 a5 45. Bb5 Bh3 46. a4 1/2-1/2

[Event "UKR-ch"]
[Site "Sevastopol"]
[Date "2000.??.??"]
[Round "3"]
[White "Hatchatrian, Souren"]
[Black "Truskavetsky, Alexandr"]
[Result "0-1"]
[WhiteElo "2308"]
[BlackElo "2163"]
[PlyCount "182"]
[EventDate "2000.??.??"]
[EventType "swiss"]
[EventRounds "9"]
[EventCountry "UKR"]
[SourceTitle "EXT 2001"]
[Source "ChessBase"]
[SourceDate "2000.11.22"]
[SourceVersion "1"]
[SourceVersionDate "2000.11.22"]
[SourceQuality "1"]

1. d4 Nf6 2. Nf3 g6 3. c4 Bg7 4. Nc3 d5 5. Bf4 0-0 6. e3 c5 7. Be2 Nc6 8. dxc5 Ne4 9. Rc1 Qa5 10. cxd5 Rd8 11. 0-0 Bxc3 12. bxc3 Nxc3 13. Qd2 Nxe2+ 14. Qxe2 Rxd5 15. Qc2 Bg4 16. Qb3 Rd7 17. Ng5 e5 18. Ne4 exf4 19. Nf6+ Kg7 20. Nxg4 Qb4 21. exf4 Qxb3 22. axb3 Nd4 23. Rb1 Ne2+ 24. Kh1 Nxf4 25. f3 Nd3 26. b4 Rd4 27. b5 Nxc5 28. Rfc1 Rad8 29. h3 b6 30. Rc2 Ra4 31. Ne5 Rd6 32. Kh2 Re6 33. Nc4 h5 34. Rbb2 Re1 35. Ra2 Ra1 36. Rxa1 Rxa1 37. Rb2 h4 38. Ne3 Nd3 39. Rd2 Nc5 40. Rb2 Ra3 41. Nc4 Rb3 42. Ra2 Rxb5 43. Rxa7 Rb4 44. Nd6 Rf4 45. Kg1 g5 46. Kf2 Kg6 47. Rc7 Rf6 48. Nc8 Re6 49. Ne7+ Kf6 50. Nd5+ Kg7 51. Kg1 Nd3 52. Rb7 Re1+ 53. Kh2 Re2 54. Kg1 Re1+ 55. Kh2 Rd1 56. Nxb6 Rb1 57. Rd7 Nf2 58. g3 Rxb6 59. Rd2 hxg3+ 60. Kxg3 Nh1+ 61. Kh2 Rb1 62. h4 gxh4 63. Rd4 Nf2 64. Kg2 h3+ 65. Kh2 Nd1 66. Kxh3 Ne3 67. Rd3 Nf5 68. Ra3 Kg6 69. f4 Rb4 70. Kg4 Nh6+ 71. Kf3 Rb6 72. Ra1 Rb3+ 73. Ke4 f5+ 74. Ke5 Ng4+ 75. Ke6 Rb4 76. Rf1 Re4+ 77. Kd6 Kf6 78. Rf3 Ne3 79. Rf2 Rc4 80. Rf3 Ng2 81. Kd5 Rxf4 82. Rg3 Rg4 83. Rf3 Nh4 84. Rf2 Kg5 85. Ke5 Ng6+ 86. Kd5 f4 87. Ke4 Rg3 88. Rf1 Kg4 89. Kd4 f3 90. Ke3 Nf4 91. Rd1 Rg2 0-1